| 000 | 00525ntaaa2200205 4500 | ||
|---|---|---|---|
| 003 | 01 | ||
| 005 | 20251027202441.0 | ||
| 008 | 0714s1973 ag 01 | ||
| 040 |
_aAR-BaBN _bspa _cAR-BaBN _eaacr _dRIC |
||
| 082 | _a266.0100 B54 | ||
| 100 |
_aBishop, Ibyloy _923342 |
||
| 245 | _aMissions and me | ||
| 250 | _a1 ed. | ||
| 260 |
_aNashville : _bConvention Press, _cc1963 |
||
| 300 | _axi, 89 p. | ||
| 500 | _ala filosofĂa de las misiones | ||
| 650 |
_aMisiones-FilosofĂa _917151 |
||
| 700 | _aBishop, Amelia | ||
| 942 | _cBK | ||
| 999 |
_c19460 _d19460 |
||